<?xml version="1.0" encoding="UTF-8"?>
<record
    xmlns:xsi="http://www.w3.org/2001/XMLSchema-instance"
    xsi:schemaLocation="http://www.loc.gov/MARC21/slim http://www.loc.gov/standards/marcxml/schema/MARC21slim.xsd"
    xmlns="http://www.loc.gov/MARC21/slim">

  <leader>06153nam a2200337 a 4500</leader>
  <controlfield tag="003">DO-SdBPM</controlfield>
  <controlfield tag="005">20260324100215.0</controlfield>
  <controlfield tag="007">ta</controlfield>
  <controlfield tag="008">221123e190?    dr aobcgr|||| 001 edspa d</controlfield>
  <datafield tag="040" ind1=" " ind2=" ">
    <subfield code="a">DO-SdBPM</subfield>
    <subfield code="b">spa</subfield>
    <subfield code="c">BPMSU </subfield>
    <subfield code="e">rda</subfield>
  </datafield>
  <datafield tag="050" ind1=" " ind2=" ">
    <subfield code="b"> </subfield>
  </datafield>
  <datafield tag="082" ind1=" " ind2="4">
    <subfield code="b">L789i 1987</subfield>
    <subfield code="2"> 22</subfield>
  </datafield>
  <datafield tag="100" ind1="1" ind2=" ">
    <subfield code="a">Lizardo, Fradique,</subfield>
    <subfield code="d">1930-1997</subfield>
  </datafield>
  <datafield tag="100" ind1="z" ind2=" ">
    <subfield code="a">Lizardo Barinas, Fradique</subfield>
    <subfield code="d">1930-1997</subfield>
  </datafield>
  <datafield tag="100" ind1="z" ind2=" ">
    <subfield code="a"> Lizardo Barinas, Fradique, </subfield>
    <subfield code="d">1930-1997</subfield>
  </datafield>
  <datafield tag="100" ind1="z" ind2=" ">
    <subfield code="a">Barinas, Fradique Lizardo, </subfield>
    <subfield code="d">1930-1997</subfield>
  </datafield>
  <datafield tag="245" ind1="1" ind2="0">
    <subfield code="a">Instrumentos musicales folkl&#xF3;ricos dominicanos:</subfield>
    <subfield code="b">indi&#xF3;fonos y membran&#xF3;fonos. /</subfield>
    <subfield code="c">Fradique Lizardo; Editor, C&#xE9;sar Ojeda</subfield>
  </datafield>
  <datafield tag="260" ind1=" " ind2=" ">
    <subfield code="a">Santo Domingo :</subfield>
    <subfield code="b">UNESCO,</subfield>
    <subfield code="c">[1988]</subfield>
  </datafield>
  <datafield tag="300" ind1=" " ind2=" ">
    <subfield code="a">454 p. :</subfield>
    <subfield code="b">il., fotogr., mapas, retr. ;</subfield>
    <subfield code="c">21 cm.</subfield>
  </datafield>
  <datafield tag="500" ind1=" " ind2=" ">
    <subfield code="a">Incluye datos biogr&#xE1;ficos del autor en la contracubierta.</subfield>
  </datafield>
  <datafield tag="500" ind1=" " ind2=" ">
    <subfield code="a"> </subfield>
  </datafield>
  <datafield tag="504" ind1=" " ind2=" ">
    <subfield code="a">Bibliograf&#xED;a: p&#xE1;ginas 441 - 454</subfield>
  </datafield>
  <datafield tag="505" ind1=" " ind2=" ">
    <subfield code="a">Contenidos:
Volumen I : Idi&#xF3;fonos y Membran&#xF3;fonos / Reconocimiento, 7.-- Liminar, 11.-- Introducci&#xF3;n del libro &#x201C;Instrumentos Musicales Ind&#xED;genas Dominicanos&#x201D;, 17.-- Introducci&#xF3;n, 23.-- Conceptos generales sobre la organolog&#xED;a y la clasificaci&#xF3;n de los instrumentos musicales, 24.-- La leyenda de los Congos, 28.-- La leyenda de los tambores Rituales de la Sarandunga, 28.-- La leyenda del palito de la tambora, 29.-- Idi&#xF3;fonos, 32.-- Membran&#xF3;fonos, 33.-- Construcci&#xF3;n de los tambores sagrados, 34.-- El Elusivo tambor enterrado, 35.-- La ense&#xF1;anza musical de nuestro pa&#xED;s, 36.-- Las esp&#xE1;tulas v&#xF3;micas sonajeros de la cultura ta&#xED;na, por Manuel Ar&#xE9;valo, 39.-- Descripci&#xF3;n, 45.-- Esp&#xE1;tula v&#xF3;mica sonajero (A), 45.-- El mango, 45.-- La figura, 46.-- La hoja, 46.-- Observaciones, 47.-- Dimensiones, 48.-- Esp&#xE1;tula v&#xF3;mica sonajero (B), 48.-- Esp&#xE1;tula v&#xF3;mica sonajero (C), 50.-- El mango, 50.-- La figura, 50.-- La hoja, 50.-- Observaciones, 51.-- Dimensiones, 51.-- Los instrumentos ind&#xED;genas idi&#xF3;fonos, 53.-- Cuadros de reportes, 56.-- Cuadro de instrumentos `clasificaci&#xF3;n`, 57.-- C&#xED;mbalos, 58.-- T&#xFA;-Ti o casta&#xF1;uelas, 58.-- Mayohuac&#xE1;n, 59.-- Mag&#xFC;ey, 62.-- Baiohabao, 63.-- Tambor, 63.-- Atabal, 64.-- Cascabeles de oro, 64.-- Cascabeles del hueso, 65.-- Cascabeles de madera, 66.-- Guamos, 67.-- Maraca tallada en madera, 69.-- Esp&#xE1;tulas v&#xF3;mica sonajeros, 72.-- Maraca de hig&#xFC;ero, 72.-- Vasijas sonoras, 77.-- Sellos sonajeros, 77.-- Guajey o G&#xFC;iro, 78.-- Membran&#xF3;fonos, 83.-- Membran&#xF3;fonos, 85.-- Cord&#xF3;fonos, 87.-- Cuadro clasificatorio de cord&#xF3;fonos ind&#xED;genas, 88.-- Cuadro de reportes de cord&#xF3;fonos, 89.-- Bao, 90.-- Maricuba o Gayumba port&#xE1;til, 90.-- Aer&#xF3;fonos, 93.-- Cuadro clasificatorio de aer&#xF3;fonos ind&#xED;genas, 94.-- Cuadro de reportes de aer&#xF3;fonos, 95.-- Flautas, y flautilla, 97.-- Pitos, silbatos de huesos de muerto, 100.-- Ocarina, 100.-- Fututo, 101.-- Trompeta de palo, 106.-- Trompeta de ca&#xF1;a con resonador de barro, 106.-- Instrumentos reportados y colecciones ta&#xED;nas, 111.-- Idi&#xF3;fonos, 115.-- Membran&#xF3;fonos, 115.-- Aer&#xF3;fonos, 116.-- Instrumentos con clasificaci&#xF3;n definitiva, 116.-- Instrumentos con clasificaci&#xF3;n provisional, 117.-- Mapa de localizaci&#xF3;n de instrumentos ind&#xED;genas, , 118.-- Nombres cient&#xED;ficos de plantas con cuya madera de confeccionaban instrumentos ind&#xED;genas, 119.-- Nombres cient&#xED;ficos de molusco con los cuales se confeccionaban instrumentos ind&#xED;genas, 119.-- Nombres cient&#xED;ficos de moluscos se confeccionaron olivas sonajeros, 120.-- Colecciones de material ta&#xED;no, 120.-- Instrumentos musicales folkl&#xF3;ricos, 123.-- Idi&#xF3;fonos, 123.-- Cuadro de Idi&#xF3;fonos de la calcificaci&#xF3;n Hornbostel-Caschs revisada por Fradique Lizardo, 125.-- La quijada del burro, 133.-- Las Casta&#xF1;uelas, 137.-- El tirapo de pl&#xE1;tano, 141.-- Las Cucharas, 147.-- Adenco o Guasd&#xFA;, 151.-- Las Matracas circulares, 157.-- El tri&#xE1;ngulo, 162.-- Claves o palitos, 167.-- Los palitos del Baile de las cintas, 171.-- Los palos Cat&#xE1;, 179.-- El buchito, 185.-- La cano&#xED;ta, 189.-- El cencerro, 194.-- El Tirap&#xF3; de papel, 200.-- Las Matracas de semana santa, 205.-- La Matraca de juguete, 208.-- Las Maracas, 210.-- La Maraca ocoe&#xF1;a, 218.-- El maraco, 224.-- El Yon o Maraca doble, 227.-- El arel y el arilo, 234.-- La maraca met&#xE1;lica, 240.-- El g&#xFC;iro, 244.-- El Guayo, 248.-- Como se fabrica un Guayo, 251.-- Cuadro clasificatorio de los instrumentos idi&#xF3;fonos dominicanos, 258.-- Membran&#xF3;fonos, 260.-- Cuando de membran&#xF3;fonos de la clasificaci&#xF3;n Hombostel-Caschs, Revisada por Fradique Lizardo, 260.-- La Timbalera, 266.-- El balsi&#xE9; o pri-pri, 269.-- El Balsi&#xE9; peque&#xF1;o, 274.-- El Balsi&#xE9;lito largo, 279.-- El Balsi&#xE9; largo, 285.-- Los palos o atabales, 288.-- El Palo Atado, 295.-- Los Palos de Aros, 297.-- Palos con aro al centro, 297.-- Palos con aro en el centro superior, 297.-- Posible origen de estos instrumentos, 301.-- Los palos de cuello, 303.-- El palito Don Gregorio, 329.-- El Mongo (Bong&#xF3;), 334.-- La botijuela o betijuela, 340.-- El Congo Mayor, 344.-- La tambora, 350.-- El bombo, 360.-- El tamborcito, 360.-- El redoblante cocolo, 373.-- El conguito, 379.-- La tambora grande, 383.-- Los tambores rituales de la zarandunga, 387.-- La pandereta y el pandero, 397.-- El Pandero Tejido, 403.-- Peine empapelado, 406.-- El pito de lirio, 41.-- El pito de carretel, 415.-- La trompeta de botellas, 418.-- Como se fabrica una tambora, 422.-- Cuadro clasificatorio de los instrumentos membran&#xF3;fonos dominicanos, 430.-- Nombres cient&#xED;ficos de las plantas utilizadas en la construcci&#xF3;n de los instrumentos musicales tratados en el presente volumen, 432.-- Cr&#xED;tica a la obra &#x201C;Instrumentos musicales ind&#xED;genas dominicanos&#x201D; por Jos&#xE9; E. Garc&#xED;a Aybar, 435.-- Plan den contenido del Tomo II - de instrumentos musicales dominicanos, 439.-- Bibliograf&#xED;a, 441.</subfield>
  </datafield>
  <datafield tag="590" ind1=" " ind2=" ">
    <subfield code="a">Inventariado 2026 / VM</subfield>
  </datafield>
  <datafield tag="650" ind1=" " ind2="7">
    <subfield code="a">Instrumentos musicales folcl&#xF3;ricos </subfield>
    <subfield code="z">Rep&#xFA;blica Dominicana</subfield>
  </datafield>
  <datafield tag="650" ind1=" " ind2="7">
    <subfield code="a">Instrumentos Musicales</subfield>
    <subfield code="x">Historia y Cr&#xED;tica,</subfield>
    <subfield code="z">Rep&#xFA;blica Dominicana</subfield>
  </datafield>
  <datafield tag="650" ind1=" " ind2="7">
    <subfield code="a">M&#xFA;sica folcl&#xF3;rica  </subfield>
    <subfield code="z">Rep&#xFA;blica Dominicana</subfield>
  </datafield>
  <datafield tag="710" ind1="2" ind2=" ">
    <subfield code="a">Organizaciones de las Naciones Unidas para la Educaci&#xF3;n.</subfield>
  </datafield>
  <datafield tag="910" ind1=" " ind2=" ">
    <subfield code="a">VMateo V. Control de calidad. BPMSU </subfield>
  </datafield>
  <datafield tag="942" ind1=" " ind2=" ">
    <subfield code="2">ddc</subfield>
    <subfield code="c">BK</subfield>
  </datafield>
  <datafield tag="952" ind1=" " ind2=" ">
    <subfield code="0">0</subfield>
    <subfield code="1">0</subfield>
    <subfield code="2">ddc</subfield>
    <subfield code="4">0</subfield>
    <subfield code="7">0</subfield>
    <subfield code="8">CD</subfield>
    <subfield code="a">BPMET</subfield>
    <subfield code="b">BPMET</subfield>
    <subfield code="d">2026-03-24</subfield>
    <subfield code="l">0</subfield>
    <subfield code="o">BPMSU CD 784.7293  L789i 1987</subfield>
    <subfield code="p">BPMSU26030060</subfield>
    <subfield code="r">2026-03-24</subfield>
    <subfield code="w">2026-03-24</subfield>
    <subfield code="y">BK</subfield>
  </datafield>
  <datafield tag="999" ind1=" " ind2=" ">
    <subfield code="c">15765</subfield>
    <subfield code="d">15765</subfield>
  </datafield>
</record>
